| 000 | 00709nam a2200205Ii 4500 | ||
|---|---|---|---|
| 003 | JO-AjNU | ||
| 008 | 230605s9999||||xx |||||||||||||| ||und|| | ||
| 040 |
_aJO-AjNU _bara _erda _cJO-AjNU |
||
| 041 | _aara | ||
| 050 | 1 | 4 | _aHC92.S4254.1986 |
| 100 | 3 |
_aالشامي،صلاح الدين علي/فؤاد محمد الصقار, _eauthor _934700 |
|
| 245 | 0 | 0 | _aالموارد:دراسة في الجغرافيا الاقتصادية |
| 250 | _aط2 | ||
| 264 | 3 | 1 | _aالاسكندرية:منشأة المعارف،1986 |
| 300 | _a429ص | ||
| 336 |
_atext _btxt _2rdacontent |
||
| 337 |
_aunmediated _bn _2rdamedia |
||
| 338 |
_avolume _bnc _2rdacarrier |
||
| 650 | 4 |
_aجغرافيا الاقتصادية _934701 |
|
| 999 |
_aA14254 _c17822 _d17822 |
||